Personas famosas de España - Estadísticas

Estadísticas generales
  • Esta prueba ha sido intentada 156 veces
  • La puntuación promedio es 16 de 51
Estadísticas de respuestas
Oficio Famoso % Correcto
Dueño del programa "El Hormiguero" Pablo Motos
96%
Ex presidente del gobierno Mariano Rajoy
81%
Antiguo caudillo de españa que murio el 20 de noviembre de 1975 Francisco Franco
78%
Tenista retirado Rafael Nadal
78%
Miembro del congreso de los diputados y de VOX Santiago Abascal
78%
fundador de Zara Amancio Ortega
73%
Tenista en activo Carlos Alcaraz
72%
Escritor de libros como El Quijote Miguel de Cervantes
64%
Hija mayor del actual rey Leonor
56%
Hija menor del actual rey Sofia
54%
Profesional de la formula 1 se le relaciona con el 33 Fernando Alonso
53%
Ex seleccionador de la seleccion española de futbol Vicente del Bosque
53%
Actual rey de España Felipe VI
51%
Presidente del Real Madrid Florentino Perez
47%
Ex futbolista del Barça y el Bissel kobe Andres Iniesta
46%
Jugador de baloncesto Pau Gasol
42%
Presentadora de "La Isla de las Tentaciones" Sandra Barneda
42%
Protagonista del programa "Pesadilla en la Cocina" Alberto Chicote
37%
Presidente del FC Barcelona Joan Laporta
37%
Pintor de cuadros como Las Meninas Diego Velazquez
36%
Jugadora del FC Barcelona femenino ganadora de dos balones de oro seguidos Alexia Putellas
35%
Youtuber famoso Auronplay
35%
Nadadora y ganadora de los juegos olimpicos Mireia Belmonte
32%
Ex presidente de la generalitat catalana y preso Carles Puigdemont
29%
El Cid Campeador Rodrigo Diaz de Vivar
28%
Ex entrenador y jugador del Atletico de Madrid Luis Aragones
27%
Participante en "La Isla de las Tentaciones" Montoya
26%
Comentarista de la cadena COPE Manolo Lama
25%
Presentador de "El Chirnguito de los Jugones" Josep Pedrerol
23%
Presentadora de programas como Salvame o Gran Hermano entre otros Belen Esteban
22%
Actor que sale en LQSA y ha colaborado con el Youtuber Yosoyplex para la temporada tres de la vuelta al mundo Jordi Sanchez
17%
Famoso arquitecto de edificios como la Sagrada Familia Antoni Gaudi
16%
Conquistador Hernan Cortes
16%
Ex pesidente del FC Barcelona Josep Maria Bartomeu
16%
Youtuber famoso The Grefg
12%
Actor español que sale en LQSA y aqui no hay quien viva Pablo Chiapella
10%
Ex presidente del FC Barcelona Sandro Rosell
8%
Ex presidente de la segunda republica y preso fusilado en montjuic Lluis Companys
5%
Principal protagonista de Desokupa Daniel Esteve
3%
Primer rey de España Alfonso I
2%
Primera chica en ganar los "Jocs Florals" Bajo su pseudonimo masculino Víctor Català
2%
Caballero templario y mercenario Roger de Flor
1%
Influencer Anabel Pantoja
0%
Escritor y poeta Angel Guimera
0%
Ex presidente de la Generalitat Catalana Francesc Macià
0%
Youtuber famoso Ibai Lanos
0%
Escritor y poeta Jacint Verdaguer
0%
Escritor y poeta Joan Maragall
0%
Presentadora de television y actriz española Leticia Sabater
0%
Escritor y poeta Narcís Oller
0%
Arquitecto y director de teatro Santiago Rusiñol
0%
No se encontraron pruebas coincidentes
Distribución de puntuación
Porcentaje de gente con cada puntuación
Porcentaje por número respondido
Historial de tus puntuaciones
No has intentado esta prueba.